Mesozoic stratigraphy of the Santa Rita Mountains, southeast of Tucson, Arizona.

Bibliographic Details
Main Author: Drewes, Harald, 1927-2015
Format: Government Document Book
Language:English
Published: Washington : U.S. Govt. Print. Off, 1971.
Series:Mesozoic stratigraphy in southeastern Arizona.
Geological Survey professional paper ; 658-C.
Subjects:

MARC

Tag First Indicator Second Indicator Subfields
LEADER 00000cam a2200000 4500
001 in00002783489
005 20210515064019.0
008 710621s1971 dcuab b 001 0 eng
010 |a  70609555  
035 |a (OCoLC)ocm00147057 
035 |a (OCoLC)147057 
040 |a DLC  |b eng  |c DLC  |d OWU  |d OCLCG  |d GBVCP  |d UtOrBLW 
043 |a n-us-az 
049 |a TXAM 
050 0 4 |a QE75  |b .P9 no. 658-C 
051 |a QE675  |b .D72  |c Copy 2. 
082 0 4 |a 550/.8 s 
084 |a 38.16  |2 bcl 
086 0 |a I 19.16:658-C 
100 1 |a Drewes, Harald,  |d 1927-2015. 
245 1 0 |a Mesozoic stratigraphy of the Santa Rita Mountains, southeast of Tucson, Arizona. 
264 1 |a Washington :  |b U.S. Govt. Print. Off,  |c 1971. 
300 |a v, 81 pages :  |b illustrations, maps. ;  |c 29 cm. 
336 |a text  |b txt  |2 rdacontent 
337 |a unmediated  |b n  |2 rdamedia 
338 |a volume  |b nc  |2 rdacarrier 
490 1 |a Mesozoic stratigraphy in southeastern Arizona 
490 1 |a Geological Survey professional paper 658-C 
504 |a Bibliography: pages 77-78. 
650 0 |a Geology, Stratigraphic  |y Mesozoic. 
650 0 |a Geology  |z Arizona  |z Santa Rita Mountains. 
830 0 |a Mesozoic stratigraphy in southeastern Arizona. 
830 0 |a Geological Survey professional paper ;  |v 658-C. 
948 |a cataloged  |b h  |c 2012/11/27  |d c  |e mvaldespin  |f 01:19:38 pm 
994 |a C0  |b TXA 
999 |a MARS 
999 f f |s ce52d3bc-d2ae-3403-8065-7eed7546bc90  |i ed83ec7d-9a90-3e6a-81cc-f6cf1bf5f871  |t 0 
952 f f |p normal  |a Texas A&M University  |b College Station  |c Sterling C. Evans Library  |d Evans: US Documents (Annex 5th floor)  |t 0  |e I 19.16:658-C  |h Superintendent of Documents classification  |i unmediated -- volume  |m A14839368775 
998 f f |a I 19.16:658-C  |t 0  |l Evans: US Documents (Annex 5th floor)